000 00677nam a2200205Ia 4500
003 GCL
008 140319s9999 xx 000 0 ara d
040 _aGCL /
_cGCL
082 0 4 _a811.02
_bس ى
100 1 _aميللر, ارثر
245 1 0 _aيوميات تحت القصف (هدية من الاديب عبدالفتاح الجمل) /
_cميللر, ارثر
700 1 _aعبدالمنعم حنفى
300 _a148 ص
490 _aكتب ثقافية
_v0
650 0 4 _aالعصر الحديث
650 0 4 _aالادب الامريكى
650 0 4 _aالمسرحيات الامريكية
650 0 4 _aالادب الامريكى المترجم
942 _2ddc
_cBK
999 _c38414
_d38414